Vista normal
Vista MARC
Entrada Término de materia
Número de registros utilizados en: 2
001 - NÚMERO DE CONTROL
- Campo de control: 6660
003 - IDENTIFICADOR DE NÚMERO DE CONTROL
- Campo de control: OSt
005 - FECHA Y HORA DE LA ULTIMA MODIFICACION
- Campo de control: 20131014112744.0
008 - ELEMENTOS DE DATOS DE LONGITUD FIJA
- Campo de longitud fija: 131009|| aca||babn | a|a d
040 ## - FUENTE DE LA CATALOGACIÓN
- Agencia original de catalogación: OSt
082 ## - NÚMERO DE LA CLASIFICACION DEWEY
- Número de clasificación: 338.479182026
150 ## - ENCABEZAMIENTO--MATERIA
- Término de materia o geográfico como elemento de entrada: Turismo
- Subdivisión geográfica: México
- Subdivisión de forma: Legislación